[Event "Syre Memorial op 34th"]
[Site "Issy les Moulineaux"]
[Date "2011.06.03"]
[Round "2"]
[White "Favre, Mathieu"]
[Black "Zaky, Tamir"]
[Result "1-0"]
[WhiteElo "2042"]
[BlackElo "1871"]
[PlyCount "55"]
[EventDate "2011.06.03"]
[EventType "swiss"]
[EventRounds "6"]
[EventCountry "FRA"]
[SourceTitle "EXT 2012"]
[Source "ChessBase"]
[SourceDate "2011.11.24"]
[SourceVersion "1"]
[SourceVersionDate "2011.11.24"]
[SourceQuality "1"]

1. e4 c5 2. Nf3 d6 3. Bb5+ Bd7 4. Bxd7+ Qxd7 5. 0-0 Nf6 6. Re1 Nc6 7. c3 e6 8. d3 Be7 9. Nbd2 Ne5 10. d4 Nd3 11. Re3 Nxc1 12. Rxc1 Ng4 13. Re1 h5 14. h3 Nh6 15. dxc5 dxc5 16. Ne5 Qc7 17. Qa4+ Kf8 18. Nef3 Kg8 19. Rcd1 Bd6 20. Nc4 Rd8 21. e5 Be7 22. Rxd8+ Bxd8 23. Rd1 Kh7 24. Rd7 Qb8 25. Nd6 Bc7 26. Nxf7 Nxf7 27. Rxf7 Bxe5 28. Qe4+ 1-0

[Event "Gibraltar Masters 9th"]
[Site "Caleta"]
[Date "2011.01.28"]
[Round "4"]
[White "Zanetti, Bruno"]
[Black "Zaky, Tamir"]
[Result "1-0"]
[WhiteElo "2017"]
[BlackElo "1861"]
[PlyCount "47"]
[EventDate "2011.01.25"]
[EventType "swiss"]
[EventRounds "10"]
[EventCountry "GGB"]
[SourceTitle "CBM 141"]
[Source "ChessBase"]
[SourceDate "2011.03.17"]
[SourceVersion "1"]
[SourceVersionDate "2011.03.17"]
[SourceQuality "1"]

1. d4 d5 2. c4 e5 3. dxe5 d4 4. Nf3 Nc6 5. Bf4 Nge7 6. e3 Ng6 7. Bg5 Bb4+ 8. Nbd2 Qd7 9. exd4 0-0 10. a3 Bxd2+ 11. Qxd2 h6 12. Be3 Qf5 13. Bd3 Qh5 14. h3 f5 15. exf6 Rxf6 16. 0-0-0 Nge7 17. d5 Rxf3 18. gxf3 Ne5 19. Be2 Bf5 20. f4 Nf3 21. Qb4 Re8 22. Qxb7 Rd8 23. d6 Rxd6 24. Rxd6 1-0

[Event "Gibraltar Masters 9th"]
[Site "Caleta"]
[Date "2011.01.26"]
[Round "2"]
[White "Memarian, Milad"]
[Black "Zaky, Tamir"]
[Result "1/2-1/2"]
[WhiteElo "2028"]
[BlackElo "1861"]
[PlyCount "83"]
[EventDate "2011.01.25"]
[EventType "swiss"]
[EventRounds "10"]
[EventCountry "GGB"]
[SourceTitle "CBM 141"]
[Source "ChessBase"]
[SourceDate "2011.03.17"]
[SourceVersion "1"]
[SourceVersionDate "2011.03.17"]
[SourceQuality "1"]

1. Nf3 c5 2. c4 Nf6 3. Nc3 Nc6 4. e3 d5 5. d4 Bg4 6. cxd5 Nxd5 7. Qb3 Bxf3 8. gxf3 Nxc3 9. bxc3 Qb6 10. Qxb6 axb6 11. d5 Ne5 12. f4 Nd7 13. Bc4 g6 14. e4 Ra4 15. Bd3 c4 16. Bc2 Bg7 17. e5 Ra5 18. Be4 Nc5 19. Bg2 Nd3+ 20. Ke2 Nxc1+ 21. Rhxc1 Bh6 22. Ke3 0-0 23. Rcb1 b5 24. a4 Rfa8 25. d6 exd6 26. exd6 Re8+ 27. Kf3 Rd8 28. axb5 Rxa1 29. Rxa1 Rxd6 30. Bf1 Rf6 31. Ra8+ Kg7 32. Ra4 Bxf4 33. Kg2 Bc7 34. Bxc4 Bb6 35. f3 Bc5 36. Bd5 b6 37. Ra7 g5 38. c4 h5 39. h3 Rf4 40. Rc7 Kg6 41. Rc6+ Kg7 42. Kg3 1/2-1/2

[Event "Syre Memorial op 30th"]
[Site "Issy les Moulineaux"]
[Date "2007.05.19"]
[Round "5"]
[White "Zaky, Tamir"]
[Black "Pavan, Jean Pierre"]
[Result "1-0"]
[WhiteElo "1881"]
[BlackElo "1320"]
[PlyCount "44"]
[EventDate "2007.05.17"]
[EventType "swiss"]
[EventRounds "6"]
[EventCountry "FRA"]
[SourceTitle "EXT 2008"]
[Source "ChessBase"]
[SourceDate "2007.11.25"]
[SourceVersion "1"]
[SourceVersionDate "2007.11.25"]
[SourceQuality "1"]

1. e4 c5 2. Nf3 e6 3. d4 cxd4 4. Nxd4 Nc6 5. Nb5 Bc5 6. Nd6+ Bxd6 7. Qxd6 Nge7 8. Nc3 a6 9. Be3 0-0 10. h4 Qa5 11. h5 Qe5 12. Qd2 f5 13. f4 Qa5 14. Bd3 d5 15. exd5 exd5 16. 0-0-0 d4 17. Bc4+ Kh8 18. Bxd4 Nxd4 19. Qxd4 Nc6 20. Qe3 b5 21. Bb3 Ra7 22. Qc5 Ne7 1-0

[Event "Syre Memorial op 29th"]
[Site "Issy les Moulineaux"]
[Date "2006.05.25"]
[Round "2"]
[White "Lefranc, Benoit"]
[Black "Zaky, Tamir"]
[Result "1-0"]
[WhiteElo "2101"]
[BlackElo "1944"]
[PlyCount "33"]
[EventDate "2006.05.25"]
[EventType "swiss"]
[EventRounds "6"]
[EventCountry "FRA"]
[SourceTitle "EXT 2007"]
[Source "ChessBase"]
[SourceDate "2006.11.23"]
[SourceVersion "1"]
[SourceVersionDate "2006.11.23"]
[SourceQuality "1"]

1. d4 d5 2. c4 e5 3. dxe5 d4 4. Nf3 Nc6 5. g3 Bg4 6. Bg2 Qd7 7. Nbd2 0-0-0 8. 0-0 h5 9. h4 Nge7 10. b4 Ng6 11. Qa4 Bxb4 12. Rb1 Bxd2 13. Bxd2 Bh3 14. e6 Bxe6 15. Rxb7 Qd6 16. Nxd4 Nxd4 17. Rfb1 1-0

[Event "Bois Colombes op 2nd"]
[Site "Bois Colombes"]
[Date "2005.12.24"]
[Round "4"]
[White "Zaky, Tamir"]
[Black "Wunderman, Xavier"]
[Result "1-0"]
[WhiteElo "1948"]
[BlackElo "2013"]
[PlyCount "63"]
[EventDate "2005.12.21"]
[EventType "swiss"]
[EventRounds "6"]
[EventCountry "FRA"]
[SourceTitle "EXT 2007"]
[Source "ChessBase"]
[SourceDate "2006.11.23"]
[SourceVersion "1"]
[SourceVersionDate "2006.11.23"]
[SourceQuality "1"]

1. e4 Nf6 2. e5 Nd5 3. d4 d6 4. Nf3 Nc6 5. c4 Nb6 6. e6 fxe6 7. Ng5 e5 8. Qf3 Nxd4 9. Qf7+ Kd7 10. Bd3 c6 11. c5 h6 12. Bf5+ Nxf5 13. Qxf5+ Kc7 14. cxb6+ Kxb6 15. Be3+ c5 16. Bxc5+ dxc5 17. Qg6+ Qd6 18. Qh5 g6 19. Qh4 Qf6 20. Nc3 hxg5 21. Nd5+ Kc6 22. Qa4+ b5 23. Qe4 Bf5 24. Nxe7+ Kd7 25. Nxf5 Rb8 26. 0-0-0+ Ke8 27. Ne3 Rh4 28. g4 Kf7 29. Rd7+ Be7 30. Nd5 Qc6 31. Rxe7+ Kg8 32. Qxe5 1-0

[Event "Clichy intern op 0304"]
[Site "Clichy"]
[Date "2003.10.16"]
[Round "1"]
[White "Zaky, Tamir"]
[Black "Attar, Rachid"]
[Result "1-0"]
[WhiteElo "1560"]
[BlackElo "1740"]
[PlyCount "70"]
[EventDate "2003.10.16"]
[EventType "swiss"]
[EventRounds "6"]
[EventCountry "FRA"]
[SourceTitle "EXT 2008"]
[Source "ChessBase"]
[SourceDate "2007.11.25"]
[SourceVersion "1"]
[SourceVersionDate "2007.11.25"]
[SourceQuality "1"]

1. e4 d6 2. d4 Nf6 3. Nc3 g6 4. f4 Bg7 5. Nf3 0-0 6. e5 dxe5 7. fxe5 Nd5 8. Nxd5 Qxd5 9. Be3 Bg4 10. Be2 Nc6 11. h3 Bf5 12. Qd2 Rad8 13. c3 Na5 14. b3 Nc6 15. Bh6 Qe4 16. Bxg7 Kxg7 17. Rd1 f6 18. 0-0 h6 19. g4 Bxg4 20. Bd3 Qxf3 21. Rxf3 Bxf3 22. e6 Bxd1 23. Qxd1 f5 24. Qf3 Rf6 25. Qg3 Rdf8 26. d5 f4 27. Qe1 f3 28. Kf2 Nd8 29. Qe5 c6 30. c4 cxd5 31. cxd5 Kh7 32. Qc7 h5 33. Qxe7+ Kh6 34. h4 a6 35. a4 Rh8 1-0